Špecifické otázky v oblasti ľudských zdrojov vo vybraných krajinách

Problematika zamestnávania v Slovenskej a Maltskej republike. Prekážky zamestnávania a legislatíva pracovno-právnych vzťahov. Výsledky z výskumu na vzorke malých a stredných podnikov v SR a na Malte.

Guardado en:
Detalles Bibliográficos
Autor principal: Tekelová, Zuzana, 1987-
Formato: Capítulo de libro
Lenguaje:eslovaco
Materias:
Etiquetas: Agregar Etiqueta
Sin Etiquetas, Sea el primero en etiquetar este registro!

MARC

LEADER 00000naa$a2200000$$$4500
001 0174009
005 20240502072951.7
041 0 |a slo 
044 |a SK 
245 1 0 |a Špecifické otázky v oblasti ľudských zdrojov vo vybraných krajinách  |c Zuzana Tekelová 
520 |a Problematika zamestnávania v Slovenskej a Maltskej republike. Prekážky zamestnávania a legislatíva pracovno-právnych vzťahov. Výsledky z výskumu na vzorke malých a stredných podnikov v SR a na Malte. 
610 2 0 |a Slovensko 
610 2 0 |a Malta 
610 2 0 |a podnik malý 
610 2 0 |a podnik stredný 
610 2 0 |a vzťahy pracovnoprávne 
610 2 0 |a porovnanie medzinárodné 
610 2 0 |a legislatíva 
610 2 0 |a miesta pracovné 
610 2 0 |a mzdy 
100 1 |a Tekelová, Zuzana, 1987-